الحرب النفسية الصهيونية : (رقم التسجيلة. 8967)

تفاصيل مارك
000 -LEADER
fixed length control field 00495nam a22001577a 4500
005 - DATE AND TIME OF LATEST TRANSACTION
control field 20251108164316.0
008 - FIXED-LENGTH DATA ELEMENTS--GENERAL INFORMATION
fixed length control field 250721s1992 xx 000 0 ara d
082 14 - DEWEY DECIMAL CLASSIFICATION NUMBER
Classification number 355.3434/محم
100 1# - MAIN ENTRY--PERSONAL NAME
Personal name سلامه، محمد رجب
245 10 - TITLE STATEMENT
Title الحرب النفسية الصهيونية :
Remainder of title العمليات و المواجهة /
264 1# - PRODUCTION, PUBLICATION, DISTRIBUTION, MANUFACTURE, AND COPYRIGHT NOTICE
Place of production, publication, distribution, manufacture عمان :
Name of producer, publisher, distributor, manufacturer دار النهضة للنشر،
Date of production, publication, distribution, manufacture, or copyright notice 1992.
300 ## - PHYSICAL DESCRIPTION
Extent 126ص
650 17 - SUBJECT ADDED ENTRY--TOPICAL TERM
Topical term or geographic name as entry element الحرب النفسية
942 ## - ADDED ENTRY ELEMENTS (KOHA)
Source of classification or shelving scheme Dewey Decimal Classification
Koha item type كتب
المقتنيات
حالة السحب حالة الفقدان مصدر التصنيف حالة التلف غير قابل للإعارة المكتبة الرئيسية المكتبة الحالية موقع الرف تاريخ التزويد الرقم المتسلسل Total Checkouts رقم الإستدعاء تاريخ آخر ظهور تاريخ الفاتورة نوع المادة (كوها) الباركود
    Dewey Decimal Classification Unchecked   مكتبة الأميرة ايمان العامة مكتبة الأميرة ايمان العامة الإعارة 06/07/2004 9   355.3434/محم 28/07/2025 06/07/2004 كتب  
    Dewey Decimal Classification Unchecked   مكتبة الاميرة بديعة مكتبة الاميرة بديعة الإعارة 06/07/2004 2993   355.3434/محم 28/07/2025 06/07/2004 كتب  
    Dewey Decimal Classification     مكتبة البراعم الواعدة مكتبة البراعم الواعدة الإعارة 30/07/2015 1474329.   355.3434/محم 28/07/2025 30/07/2015 كتب PLD00339674
    Dewey Decimal Classification Unchecked   مكتبة الجويدة مكتبة الجويدة الإعارة 06/07/2004 2707   355.3434/محم 28/07/2025 06/07/2004 كتب  
    Dewey Decimal Classification     مكتبة النصر العامة مكتبة النصر العامة الإعارة 27/04/2015 [4715]   355.3434/محم 28/07/2025 27/04/2015 كتب PLD00321580
    Dewey Decimal Classification     مكتبة صويلح العامة مكتبة صويلح العامة الإعارة 22/04/2019 <6007>   355.3434/محم 28/07/2025 22/04/2019 كتب PLD00451667
    Dewey Decimal Classification     مكتبة وادي السير العامة مكتبة وادي السير العامة الإعارة 14/03/2016 [3354.]   355.3434/محم 28/07/2025 14/03/2016 كتب PLD00379593
Implemented & Customized by: BBB with SCIT (Smart Chains for Information Technology)

Powered by Koha